000 00453nam a2200181Ia 4500
003 GCL
008 140319s9999 xx 000 0 eng d
040 _aGCL /
_cGCL
082 0 4 _a549
_bB P
100 1 _aBLACKBURN, WILLIOM
245 1 0 _aPRINCIPLES OF MINERALOGY /
_cBLACKBURN, WILLIOM
700 1 _aDENNEN, WILLIAM
260 _a[S.N] :
_bWM . C. BROWN ،
_c1994
300 _a413
650 0 4 _aGEOLOGY
650 0 4 _aMINERALOGY
942 _2ddc
_cBK
999 _c10697
_d10697